000
00481nam a2200181Ia 4500
008
100917s9999 xx 000 0 und d
082
_b
51003
100
_a
शिरवळकर सुहास
245
_a
थरारक
260
_b
मनोरमा प्रकाशन
_c
1982
300
_a
250
365
_b
35
520
_a
कादंबरी
630
_a
थरारक
650
_a
कादंबरी
730
_a
थरारक
942
_c
BOOK
999
_c
656397
_d
656394